Music Quiz

Random Music or Classical Quiz

Musical Instrument Close-Up Quiz Stats

 Plays Quiz Updated Jan 26, 2016

Score 0/12 Timer 03:00
0 Plays Today
% Correct
Trumpet
96.8%
Flute
95.9%
Piano
95.1%
Guitar
93.6%
Violin
90.9%
Alto Saxophone
89.8%
Clarinet
89.2%
Xylophone
83.7%
French horn
72%
Oboe
71.7%
Cymbals
70.8%
Bassoon
66.6%

You're not logged in!

Compare scores with friends on all Sporcle quizzes.
OR
Log In

Show Comments

Extras

Top Quizzes Today


Score Distribution

Your Account Isn't Verified!

In order to create a playlist on Sporcle, you need to verify the email address you used during registration. Go to your Sporcle Settings to finish the process.

Report this User

Report this user for behavior that violates our Community Guidelines.

Details: